Miasta w Meksyku - Nagła Śmierć - Statystyki

Ogólne statystyki
  • Ten quiz został rozwiązany 94 razy
    52 od ostatniego zresetowania
  • Średni wynik to 5 z 23
Answers on the Grid
Answers color-coded by a green-red scale on the quiz's grid according to % correct below.
A Coruña
Barquisimeto
Barranquilla
Buenos Aires
Cajamarca
Cancún
Chihuahua
Ciudad Juárez
Concepción
Durango
Fortaleza
Guadalajara
Guayaquil
Hermosillo
Jukatan
Kadyks
Kazimira
Kurytyba
La Paz
Las Cruces
León
Madryt
Mazatlán
Meksyk
Mérida
Mexicali
Michoacán
Montería
Monterrey
Nezahualcóyotl
Oaxaca
Palma
Puebla
Quetzaltenango
Saltillo
San Diego
San Luis Potosí
San Pedro Sula
Santa Cruz de la Sierra
Santo Domingo
Sinaloa
Soledad
Tegucigalpa
Temecula
Tijuana
Tlaquepaque
Trujillo
Tuguegarao
Vallejo
Villahermosa
Xalapa-Enríquez
 
Statystyki odpowiedzi
Odpowiedź % Poprawnych
Cancún
67%
Ciudad Juárez
67%
Guadalajara
50%
León
50%
Meksyk
50%
Monterrey
50%
Puebla
50%
Chihuahua
33%
Mazatlán
17%
Mérida
17%
Oaxaca
17%
Tijuana
17%
Durango
0%
Hermosillo
0%
La Paz
0%
Mexicali
0%
Nezahualcóyotl
0%
Saltillo
0%
San Luis Potosí
0%
Soledad
0%
Tlaquepaque
0%
Villahermosa
0%
Xalapa-Enríquez
0%
Nie znaleziono quizów pasujących do podanych kryteriów
Rozkład punktacji
Procent ludzi z każdym wynikiem
Percentyl według liczby udzielonych odpowiedzi
Twoja historia wyników
Nie rozwiązałeś tego quizu od ostatniego zresetowania